01284nam a2200265 i 4500001000700000003000900007007000300016008004100019245009800060260003200158300002800190490004500218505051300263700002100776700002400797700002500821700001900846700001500865700002100880700001900901700001500920700001700935830004500952852002100997104036ES-MaACLt|051122s1911 fr ||||1| fre d04aLes méthodes juridiques b: leçons faites au College livre des Sciences sociales en 1910. aParis : bV. Giard, c1911. aXXIV, 231 p. ; c23 cm.1 aEtudes économiques et sociales ; vXII8 aContiene: Paul Deschanel.- Preface.-- R. Saleilles.- Introducion.-- F. Larnaude.- Le droit public.Sa conception.Sa méthode.- H. Barthelemy.- La méthode applicable á l'étude du droit administratif.-- H. Truchy.- Les méthodes en économie politiqué.-- A. Tissier.- La rôle social et economiqué des régles de la procedure civiles.- Pillet.- La méthode en droit international privé.-- F. Géng.- Les procedes d'elaboration du droit civil.-- E. Garçon.- de la méthode du droit criminal1 aDeschanel, Paul.1 aSaleilles, Raymond.1 aLarnaude, Ferdinand.1 aBarthelemy, H.1 aTruchy, H.1 aTissier, Albert.1 aPillet, Felix.1 aGéng, F.1 aGarçon, E.0 aEtudes économiques et sociales ; vXII aES-MaACLjG-3049